000 00742nam a2200253Ia 4500
003 OSt
005 20221005062550.0
006 a|||||r|||| 00| 0
007 ta
008 221004b |||||||| |||| 00| 0 eng d
020 _a0803978219
024 _a45487
037 _cTextual
040 _aCRL
_cCRL
_beng
041 _2eng
_aeng
082 _aR3:g(Z,7,7), N9
100 _aFerrara Alessandro
_9144074
245 0 _aJustice and judgment the rise and the prospect of the judgment model in contemporary political philosophy
260 _aLondon
_bSage Publication
_c1999
300 _a255p.
_ccm.
650 _aPHILOSOPHY
942 _hR3:g(Z,7,7), N9
_cTEXL
_2cc
999 _c969877
_d969877